00874nam a2200229 a 4500001001000000003000500010005001700015008004100032010001100073011001100084040000900095100003400104245014700138260004100285500006000326502007700386650003100463650003000494650003400524856001600558856007000574000113948CHAP20220329144420.0171010s2017 mx a fsm |||||||spa d a110409 a111381 cCHAP1 aAguilar López, Mario Arturo10aPruebas de permutación enfocadas al análisis de diseños experimentales unifactoriales /h[En línea]cpor Mario Arturo Aguilar López. aChapingo, Méx. :bEl autor,c2017. aPara ver el contenido del material haga clic en la liga aTesis (Lic. en Estadística) -- UACH. División de Ciencias Forestales14aAnálisis de la varianza.14aDiseños experimentales.14aEstadísticaxMetodología. a1 n0000085 aFinding aiduhttp://10.13.5.2/tesis/sist113948.pdfzTeclea aquí